Estadísticas para Ganadores del Premio Pichichi por Temporada

Haz click aquí para intentar la prueba.

Estadísticas generales

  • Esta prueba ha sido intentada 87 veces
  • La puntuación promedio es 29 de 47

Estadísticas de respuestas

TemporadaEquipoJugador% Correcto
2014-15Real Madrid C.F.Cristiano Ronaldo
100%
2013-14Real Madrid C.F.Cristiano Ronaldo
100%
2010-11Real Madrid C.F.Cristiano Ronaldo
100%
2020-21F.C. BarcelonaLionel Messi
100%
2019-20F.C. BarcelonaLionel Messi
100%
2018-19F.C. BarcelonaLionel Messi
100%
2017-18F.C. BarcelonaLionel Messi
100%
2016-17F.C. BarcelonaLionel Messi
100%
2012-13F.C. BarcelonaLionel Messi
100%
2011-12F.C. BarcelonaLionel Messi
100%
2009-10F.C. BarcelonaLionel Messi
100%
2021-22Real Madrid C.F.Karim Benzema
95%
2015-16F.C. BarcelonaLuis Suárez
93%
2000-01Real Madrid C.F.Raúl
85%
1998-99Real Madrid C.F.Raúl
85%
2008-09Atlético de MadridDiego Forlán
82%
2004-05Villarreal C.F.Diego Forlán
82%
2005-06F.C. BarcelonaSamuel Eto'o
81%
2003-04Real Madrid C.F.Ronaldo Nazario
69%
1996-97F.C. BarcelonaRonaldo Nazario
69%
2007-08R.C.D. MallorcaDani Güiza
55%
1990-91Real Madrid C.F.Emilio Butragueño
54%
2006-07Real Madrid C.F.Ruud van Nistelrooy
54%
1975-76Real Sporting de GijónQuini
53%
1979-80Real Sporting de GijónQuini
53%
1980-81F.C. BarcelonaQuini
53%
1981-82F.C. BarcelonaQuini
53%
1993-94F.C. BarcelonaRomário
53%
1984-85Atlético de MadridHugo Sánchez
50%
1985-86Real Madrid C.F.Hugo Sánchez
50%
1986-87Real Madrid C.F.Hugo Sánchez
50%
1987-88Real Madrid C.F.Hugo Sánchez
50%
1989-90Real Madrid C.F.Hugo Sánchez
50%
2002-03R.C. Deportivo de la CoruñaRoy Makaay
46%
1977-78Valencia C.F.Mario Alberto Kempes
45%
1976-77Valencia C.F.Mario Alberto Kempes
45%
1992-93R.C. Deportivo de la CoruñaBebeto
38%
2001-02R.C. Deportivo de la CoruñaDiego Tristán
35%
1995-96C.D. TenerifeJuan Antonio Pizzi
24%
1997-98Atlético de MadridChristian Vieri
22%
1994-95Real Madrid C.F.Iván Zamorano
20%
1982-83Real BetisPoli Rincón
18%
1983-84Real Valladolid / Real Madrid C.F.Jorge da Silva / Juanito
16%
1999-00Racing de SantanderSalva Ballesta
16%
1991-92Atlético de MadridManuel Sánchez "Manolo"
9%
1988-89Atlético de MadridBaltazar
5%
1978-79F.C. BarcelonaHans Krankl
5%

Distribución de puntuación

Porcentaje por número respondido

Porcentaje de gente con cada puntuación

Historial de tus puntuaciones

No has intentado esta prueba.